AMYLÁZA Z POVRCHU MYCÉLIA STREPTOMYCES AUREOFACIENS

Bibliographic Details
Main Authors: Polívka, Ľudovít (Author), Bačová, Mária (Author), Zelinka, Ján, 1922-2009 (Author)
Format: Article
Language:Slovak

MARC

LEADER 00000nab a2200000uu 4500
001 vtls011440959
003 SK-MaSNL
005 20260303123327.0
008 230213|1976 xo |||||||||||||||||slo|
015 |a SNBRB 
035 |a (urnnbn)urn:nbn:sk:snk:ar-002zo3 
035 |a (uuid)44b2bfdb-0609-475b-ae2f-1717686a6f6b 
035 |a urn:nbn:sk:snk-abcfba 
040 |a SNKBUCL  |b slo  |c SNKBUCL  |e AACR2 
041 0 |a slo 
044 |a xo  |c SK 
100 1 |a Polívka, Ľudovít  |4 aut  |9 6224 
245 1 0 |a AMYLÁZA Z POVRCHU MYCÉLIA STREPTOMYCES AUREOFACIENS  |c Ľudovít Polívka, Mária Bačová, Ján Zelinka 
700 1 |a Bačová, Mária  |4 aut  |9 557604 
700 1 |a Zelinka, Ján,  |d 1922-2009  |4 aut  |9 198056 
773 0 |t Biológia : časopis Slovenskej akadémie vied  |g Roč. 31, č. 9 (1976), s. 697-701 
954 |a odborná, vedecká literatúra pôvodná (slovenská)  |2 lita 
958 |a OND 
958 |a EUIPO 
958 |a article16 
999 |c 1925251  |d 1927181